000 00704nam a22002537a 4500
005 20190107120545.0
008 190107b xxu||||| |||| 00| 0 eng d
020 _a9788120346482
_c₹ 650.00
040 _aLoreto College
041 _aEnglish
082 _a330.0151
_bHOY
100 _aHoy, Michael
245 _aMathematics economics
_cMichael Hoy, John Livernoi ... [et all.]
250 _a3rd edition
260 _aDelhi
_bPHI Learning
_c2018
300 _a959 p.
_b24 cm.
650 _aMathematical Economic
700 _4Auth
_aLivernoise, John
700 _4Auth
_aMckenna, Chris
700 _4Auth
_aRaees, Ray
700 _4Auth
_aStengos, Thanasis
850 _aLCLIB
942 _cBK
999 _c41907
_d92386